The new centurions / (Record no. 10839)
[ view plain ]
| 000 -LEADER | |
|---|---|
| fixed length control field | 00803cam a2200277 4500 |
| 001 - CONTROL NUMBER | |
| control field | 1306528 |
| 003 - CONTROL NUMBER IDENTIFIER | |
| control field | LC |
| 005 - DATE AND TIME OF LATEST TRANSACTION | |
| control field | 20160317154614.0 |
| 008 - FIXED-LENGTH DATA ELEMENTS--GENERAL INFORMATION | |
| fixed length control field | 701208s1970 mau 000 1 eng |
| 010 ## - LIBRARY OF CONGRESS CONTROL NUMBER | |
| LC control number | 77131254 |
| 040 ## - CATALOGING SOURCE | |
| Original cataloging agency | DLC |
| Transcribing agency | DLC |
| Modifying agency | DLC |
| 050 00 - LIBRARY OF CONGRESS CALL NUMBER | |
| Classification number | PZ 4 |
| Item number | .W242 1970 |
| 082 00 - DEWEY DECIMAL CLASSIFICATION NUMBER | |
| Classification number | FIC |
| Item number | W18n 1970 |
| 100 1# - MAIN ENTRY--PERSONAL NAME | |
| Personal name | Wambaugh, Joseph. |
| 9 (RLIN) | 17887 |
| 245 14 - TITLE STATEMENT | |
| Title | The new centurions / |
| Statement of responsibility, etc | Joseph Wambaugh. |
| 250 ## - EDITION STATEMENT | |
| Edition statement | [1st ed.] |
| 260 ## - PUBLICATION, DISTRIBUTION, ETC. (IMPRINT) | |
| Place of publication, distribution, etc | Boston : |
| Name of publisher, distributor, etc | Little, Brown, |
| Date of publication, distribution, etc | c1970. |
| 300 ## - PHYSICAL DESCRIPTION | |
| Extent | 376 p. : |
| Dimensions | 18 cm. |
| 350 ## - PRICE (NR) (BK AM CF MU VM SE) [OBSOLETE] | |
| Price | $6.95 |
| 650 #0 - SUBJECT ADDED ENTRY--TOPICAL TERM | |
| Topical term or geographic name as entry element | Police |
| Geographic subdivision | California |
| -- | Los Angeles |
| General subdivision | Fiction. |
| 9 (RLIN) | 17888 |
| 651 #0 - SUBJECT ADDED ENTRY--GEOGRAPHIC NAME | |
| Geographic name | Los Angeles (Calif.) |
| General subdivision | Fiction. |
| 9 (RLIN) | 17889 |
| 655 #7 - INDEX TERM--GENRE/FORM | |
| Genre/form data or focus term | Detective and mystery stories. |
| Source of term | gsafd |
| 9 (RLIN) | 3472 |
| 906 ## - LOCAL DATA ELEMENT F, LDF (RLIN) | |
| a | 7 |
| b | cbc |
| c | orignew |
| d | 2 |
| e | ncip |
| f | 19 |
| g | y-gencatlg |
| 942 ## - ADDED ENTRY ELEMENTS (KOHA) | |
| Source of classification or shelving scheme | Library of Congress Classification |
| Koha item type | Books |
| Withdrawn status | Lost status | Source of classification or shelving scheme | Damaged status | Home library | Current library | Shelving location | Date acquired | Total Checkouts | Full call number | Barcode | Date last seen | Copy number | Price effective from | Koha item type |
|---|---|---|---|---|---|---|---|---|---|---|---|---|---|---|
| Library of Congress Classification | Luxembourg Library | Luxembourg Library | Fiction Section | 09/10/2013 | PZ 4 .W242 1970 | 3113 | 02/04/2015 | 1 | 09/10/2013 | Books |